Score 0/26 Timer 04:00
0 Plays Today
Clue Missing Word % Correct
Shall We _____Dance
93.3%
My One and ____Only
90.8%
Love Is Here to ____Stay
89.8%
Rhapsody in ____Blue
88.3%
Clap Yo' _____Hands
87.3%
An American in _____Paris
86.5%
Strike Up the ____Band
86.1%
They Can't Take That ____ From MeAway
85.8%
Let's ____ the Whole Thing OffCall
85.7%
Bidin' My ____Time
85.5%
Someone to _____ Over MeWatch
84.8%
Embraceable ___You
84.5%
_____ and BessPorgy
77.4%
Clue Missing Word % Correct
Of ____ I SingThee
70.6%
I've Got a _____ on YouCrush
67.1%
But Not for __Me
62.3%
Nice ____ If You Can Get ItWork
61.8%
The ___ I LoveMan
57.7%
I Got ______Rhythm
56.7%
They All _______ (at Christopher Columbus)Laughed
49.5%
It Ain't ___________ SoNecessarily
43.1%
'S _________Wonderful
35.6%
A _____ Day (in London Town)Foggy
32.1%
Slap That ____Bass
31.3%
Oh, ____ Be Good!Lady
22.9%
___________ RhythmFascinating
20.4%

Today's Daily Dose

Remove Ads.
Support Sporcle.
Get the best of Sporcle when you Go Orange. This ad-free experience offers more features, more stats, and more fun while also helping to support Sporcle. Thank you for becoming a member.

You're not logged in!

Compare scores with friends on all Sporcle quizzes.
OR
Log In

Show Comments

Extras

Top Quizzes Today


Score Distribution

Your Account Isn't Verified!

In order to create a playlist on Sporcle, you need to verify the email address you used during registration. Go to your Sporcle Settings to finish the process.

Report this User

Report this user for behavior that violates our Community Guidelines.

Details: